=LDR 00000nam 2200000 4500 =001 INLIS000000000025645 =005 20130612124135 =008 ***********************************Ind** =035 ##$$0010-061300000025645 =041 ##$$a Ind =082 ##$$a 340.5 =090 ##$$a 340.5, Mus s =100 ##$$a Mustafa, Bachsan =245 ##$$a Sistem hukum Indonesia, Bachsan Mustafa =260 ##$$a 1984 $b Bandung =300 ##$$a xi, 150 hlm, 20 cm =650 ##$$a Sistem Hukum Indonesia =850 ##$$a NBPNMAT